| 000 | 00526nam a2200229Ia 4500 | ||
|---|---|---|---|
| 003 | IT-RoPAU | ||
| 008 | 120407s9999 xx 000 0 und d | ||
| 040 | _aIT-RoPAU | ||
| 040 | _cIT-RoPAU | ||
| 041 | _aita | ||
| 100 | _aGérard Lutte | ||
| 245 | _aLo sviluppo della personalitĂ . Prospettive pedagogiche. | ||
| 250 | _aZurich - Schweiz | ||
| 260 | _aPas - Verlag | ||
| 260 | _c1963 | ||
| 300 | _a143 p. | ||
| 300 | _c24 cm | ||
| 490 | _aOrientamenti pedagogici | ||
| 490 | _v14 | ||
| 942 | _cBK | ||
| 999 |
_c25732 _d25732 |
||